Informačná základňa makroekonomických modelov

Na minha lista:
Detalhes bibliográficos
Autor principal: Bačová, Irena
Outros Autores: Grell, Michal, Hasprunová, Mária, Laščiak, Adam, Ondrejka, Peter
Formato: Capítulo de Livro
Idioma:eslovaco
Tags: Adicionar Tag
Sem tags, seja o primeiro a adicionar uma tag!

MARC

LEADER 00000naa$a2200000$$$4500
001 0116513
005 20240502072311.3
041 0 |a slo 
044 |a SK 
245 1 0 |a Informačná základňa makroekonomických modelov  |c Irena Bačová, Michal Grell, Mária Hasprunová, Adam Laščiak, Peter Ondrejka 
100 1 |a Bačová, Irena 
700 1 |a Grell, Michal 
700 1 |a Hasprunová, Mária 
700 1 |a Laščiak, Adam 
700 1 |a Ondrejka, Peter